000 00671nam a2200241Ia 4500
005 20260430150101.0
008 008 250103s9999 xx 000 0 eng d
037 _aTheses
040 _aCRL
040 _beng
040 _ceng
041 _2eng
041 _aeng
084 _qCRL
100 _aGahlot Rajan Au.; Sharma Urvashi Gu.
_91236407
245 0 _aImpact of practices on organisational performance: A study of select it companies in india
260 _c2022
300 _a214p.
650 _aCommerce
700 _aUniversity of Delhi. Faculty of Commerce & Business Studies. Department of Commerce
942 _cTH
999 _c1848905
_d1848905